000
00269nam a2200109Ia 4500
008
200302s9999 xx 000 0 und d
100
_a
P. S. Sawhney
245
_a
Working Details of Steel Structures
260
_b
Macmillan and Co. Ltd.
260
_c
1986
300
_a
52 P.,
999
_c
944
_d
944